| 000 | 00348nam a2200121Ia 4500 | ||
|---|---|---|---|
| 008 | 210430s9999 xx 000 0 und d | ||
| 082 | _a150.19 B298 S | ||
| 100 | _aErnest W Burgess | ||
| 245 |
_aSystems and Theories in Psychology / _cErnest W Burgess |
||
| 260 |
_aIslamabad _bNational Book Foundation _c2010 |
||
| 300 | _a489p. | ||
| 942 |
_cBK _2ddc |
||
| 999 |
_c563314 _d563314 |
||